[Event "Groseko Udaberriko Txapelke"]
[Site "Donostia"]
[Date "2009.05.09"]
[Round "1.3"]
[White "Lakunza Oyarbide, Juan Carlos"]
[Black "Bernhard, Jacques"]
[Result "1-0"]
[WhiteElo "2158"]
[BlackElo "1701"]
[PlyCount "99"]
[EventDate "2009.05.09"]
[EventType "swiss"]
[EventRounds "7"]
[EventCountry "ESP"]
[SourceTitle "EXT 2024"]
[Source "ChessBase"]
[SourceDate "2023.10.10"]
[SourceVersion "1"]
[SourceVersionDate "2023.10.10"]
[SourceQuality "1"]

1. d4 Nf6 2. c4 e6 3. g3 d5 4. Bg2 Bb4+ 5. Bd2 Bxd2+ 6. Qxd2 0-0 7. Nf3 Nbd7 8. 0-0 b6 9. Nc3 c6 10. cxd5 exd5 11. Rac1 Bb7 12. Rfe1 h6 13. Qf4 Rc8 14. a3 a5 15. Bh3 Nh5 16. Qd6 Ndf6 17. Qe5 Re8 18. Qf5 Rc7 19. Qc2 Ne4 20. Ne5 Qf6 21. Nxe4 dxe4 22. Qxe4 c5 23. Qg4 Qg5 24. f4 Qxg4 25. Bxg4 Nf6 26. Bf5 Be4 27. Bh3 Ree7 28. dxc5 bxc5 29. Bg2 g5 30. Nc4 Nd5 31. Nxa5 Ne3 32. Bf3 f5 33. Kf2 g4 34. Kxe3 Bxf3+ 35. Kf2 Bd5 36. Red1 Bf7 37. Rd6 Kg7 38. Rc6 c4 39. Rxc7 Rxc7 40. b3 c3 41. Nc4 Bd5 42. Rxc3 Be4 43. Ke3 Kf6 44. Rc1 h5 45. Rd1 Re7 46. Rd6+ Re6 47. Kd4 Bc2 48. b4 Bb3 49. Rxe6+ Kxe6 50. Nd2 1-0